000 00609cam a22002293a 4500
001 3025
003 PGUSA
005 20140828083024.0
008 020101s2002||||xxu|||||s|||||000 1 eng d
040 _aPGUSA
_beng
042 _adc
050 4 _aPS
100 1 _aFox, John,
_d1863-1919
245 1 2 _aA Mountain Europa
_h[electronic resource] /
_cJohn Fox
260 _bProject Gutenberg,
_c2002
506 _aPublic domain in the USA.
516 _aElectronic text
653 _aKentucky -- Fiction
830 0 _aProject Gutenberg
_v3025
856 4 0 _uhttp://www.gutenberg.org/ebooks/3025
942 _cEB
999 _c232354
_d232354